Potret Sasterawan Malaysia : (Record no. 164782)

MARC details
000 -LEADER
fixed length control field 00471nam a2200169 i 4500
001 - CONTROL NUMBER
control field C2-0235047
003 - CONTROL NUMBER IDENTIFIER
control field PPAK
005 - DATE AND TIME OF LATEST TRANSACTION
control field 20180729161601.0
008 - FIXED-LENGTH DATA ELEMENTS--GENERAL INFORMATION
fixed length control field 010826s1989 my |||| ||||| | may d
040 ## - CATALOGING SOURCE
Original cataloging agency PPAK
Language of cataloging eng
Transcribing agency PPAK
Description conventions rda
245 00 - TITLE STATEMENT
Title Potret Sasterawan Malaysia :
Remainder of title Shahnon Ahmad
264 #1 - PRODUCTION, PUBLICATION, DISTRIBUTION, MANUFACTURE, AND COPYRIGHT NOTICE
Place of production, publication, distribution, manufacture Kuala Lumpur :
Name of producer, publisher, distributor, manufacturer Dewan Bahasa dan Pustaka ,
Date of production, publication, distribution, manufacture, or copyright notice 1989
336 ## - CONTENT TYPE
Source rdacontent
Content type term text
337 ## - MEDIA TYPE
Source rdamedia
Media type term unmediated
338 ## - CARRIER TYPE
Source rdacarrier
Carrier type term volume
942 ## - ADDED ENTRY ELEMENTS (KOHA)
-- dc
Koha item type Book
Holdings
Withdrawn status Lost status Source of classification or shelving scheme Damaged status Not for loan Home library Current library Shelving location Date acquired Full call number Barcode Date last seen Price effective from Koha item type
    Dewey Decimal Classification   Not For Loan Perpustakaan Alor Setar Perpustakaan Alor Setar Koleksi Kedah 26/08/2001 KK 1190 /90 A00820011 05/07/2018 05/07/2018 Video